| 000 | 00509nam a2200169 4500 | ||
|---|---|---|---|
| 001 | 111456 | ||
| 003 | ES-MaACL | ||
| 005 | 20230906185314.0 | ||
| 007 | t| | ||
| 008 | 061121s1938 sp r ||||1| ger d | ||
| 100 | 1 |
_aNájera Angulo, Luis. _984870 |
|
| 245 | 1 | 0 |
_aBerufliche lungenerkrankungen in spanis du Mühlengenverbe / _cDr. Luis Nájera Angulo. |
| 260 |
_aLeipzig : _bGeorge Thieme, _c1938. |
||
| 300 |
_a1227 p. ; _c25 cm. |
||
| 500 | _aEs tirada aparte. | ||
| 852 |
_aES-MaACL _j1825-F-12 _bR.16863 |
||
| 999 |
_c111456 _d111456 |
||